00232nam a2200085Ia 4500008004100000082002000041100002100061245003100082260003300113220204s9999 xx 000 0 und d a631/635bADV.82 aSparks, Donald L 0aAdvances in agronomy. V.82 aNew YorkbElsevier Incc2004